| 000 | 00490nam a22001817a 4500 | ||
|---|---|---|---|
| 005 | 20240403172147.0 | ||
| 010 | _aENG-140000 | ||
| 020 |
_a9788194674092 _c300.00 |
||
| 035 | _aEN-123532 | ||
| 037 | _bDBAD/PUB | ||
| 082 | _a881 | ||
| 100 |
_aSyngai,D..J _964289 |
||
| 245 |
_aA Love Feast/ _cby D.J. Syngai |
||
| 260 |
_aKolkata _bWriters Workshop _c2020 |
||
| 270 |
_aC-532,Lake Garden _bKolkata _e700045 |
||
| 300 |
_a96p; _c22(pb) |
||
| 942 |
_cEN _h881 _2ddc _mSYN |
||
| 999 |
_c201864 _d201864 |
||